|
|
|
|
| LEADER |
00000nam0a2200000 4500 |
| 001 |
324627 |
| 005 |
20231102003703.0 |
| 035 |
|
|
|a (RuTPU)RU\TPU\book\350225
|
| 090 |
|
|
|a 324627
|
| 100 |
|
|
|a 20161118d1956 k y0rusy50 ca
|
| 101 |
0 |
|
|a rus
|
| 102 |
|
|
|a RU
|
| 105 |
|
|
|a a z 001zy
|
| 200 |
1 |
|
|a Камень в облицовке фасадов
|f А. А. Заварзин, Л. Н. Григорьева, В. Н. Пясковский
|g Академия архитектуры СССР ; Научно-исследовательский институт строительной техники (НИИСТ)
|
| 210 |
|
|
|a Москва
|c Госстройиздат
|d 1956
|
| 215 |
|
|
|a 239 с.
|c ил.
|
| 320 |
|
|
|a Библиогр.: с. 234
|
| 606 |
1 |
|
|a Камень декоративный
|2 stltpush
|3 (RuTPU)RU\TPU\subj\13610
|9 40193
|
| 610 |
1 |
|
|a строительство
|
| 610 |
1 |
|
|a облицовка
|
| 610 |
1 |
|
|a облицовочные камни
|
| 610 |
1 |
|
|a облицовочные работы
|
| 610 |
1 |
|
|a фасады
|
| 610 |
1 |
|
|a ступени
|
| 610 |
1 |
|
|a колонны
|
| 610 |
1 |
|
|a карнизы
|
| 610 |
1 |
|
|a балконы
|
| 675 |
|
|
|a 693.69
|v 4
|
| 700 |
|
1 |
|a Заварзин
|b А. А.
|
| 701 |
|
1 |
|a Григорьева
|b Л. Н.
|
| 701 |
|
1 |
|a Пясковский
|b В. Н.
|
| 712 |
0 |
2 |
|a Академия архитектуры СССР
|2 stltpush
|3 (RuTPU)RU\TPU\col\10244
|9 24810
|
| 712 |
0 |
2 |
|a Научно-исследовательский институт строительной техники (НИИСТ)
|c (Москва)
|c (1944-1957)
|2 stltpush
|3 (RuTPU)RU\TPU\col\8241
|
| 801 |
|
1 |
|a RU
|b 63413507
|c 20161118
|
| 801 |
|
2 |
|a RU
|b 63413507
|c 20200730
|g RCR
|
| 942 |
|
|
|c BK
|